1322 1366 1688 1119 1313 1231 1359 1240 1192 1400 1167 1416 1863 1779 1044 1853 1096 1342 1647 1927 1413 1224 1651 1082 1526 1994 1431 1067 1428 1764 1409 1840 1836 1290 1643 1442 1374 1828 1130 1869 1392 1351 1272 1116 1265 1171 1496 1179 1193 1814 1687 1892 1922 1086 1628 1709 1817 1844 1479 1788 1841 1417 1972 1668 1067 2000 1738 1815 1610 1711 1856 1258 1479 1761 1061 1701 1509 1238 1716 1644 1388 1536 1535 1784 1252 1382 1914 1780 1741 1350 1089 1704 1169 1077 1849 1668 1365 1361 1555 BCNSPRNW ULIB Ver.6.0+V

เปลี่ยนเป็นภาษาไทย

Change to English
 แสดงรายละเอียดบรรณานุกรม
  กลับหน้าหลัก

Brief Record : Get Marc (ISO 2709) : E-mail record : QR code < ปิดหน้าต่าง
LEADER : 00000nam 2200000uu 4500
001    13399122101
003     ULIB
008    121226s2553||||th 000 0 tha d
020    ^a9786165290289
060 04 ^aWI755^bพ526น 2553
100 0  ^aพัฒน์พงศ์ นาวีเจริญ
245 10 ^aนิ่วในถุงน้ำดี /^cพัฒน์พงศ์ นาวีเจริญ,เขียน
250    ^aพิมพ์ครั้งที่ 3
260    ^aกรุงเทพฯ :^bอมรินทร์สุขภาพ,^c2553
300    ^a106 หน้า :^bภาพประกอบ
440  0 ^aโรคภัยใกล้ตัว
650  7 ^aนิ่ว
650  7 ^aนิ่วในถุงน้ำดี^xการรักษา
945    ^p95^l0^i17011
945    ^p95^l0^i17012
945    ^p95^l0^i17013
995    ^aทศพร
999    ^aทศพร เกษรทอง
รายการนี้ยังไม่มีแท็ก
คุณยังไม่ได้ล็อกอิน คุณสามารถมีกิจกรรมร่วมกับเว็บไซต์ได้ แต่ต้องล็อกอินก่อน ::
  ล็อกอิน

รายการสื่อสารสนเทศ

ลำดับที่ ประเภท เลขเรียก/บาร์โค้ด สถานที่ สถานะ
1. วิทยาศาสตร์การแพทย์ และสุขภาพ
วิทยาศาสตร์การแพทย์ และสุขภาพ
สถานะ=หนังสือเก่า
WI755 พ526น 2553 ฉ.2 
  Barcode: 17011
ห้องสมุดวิทยาเขตนครสวรรค์
►ส่วนจัดเก็บหนังสือเก่า นว.
บนชั้น
  ขอยืม
2. วิทยาศาสตร์การแพทย์ และสุขภาพ
วิทยาศาสตร์การแพทย์ และสุขภาพ
สถานะ=หนังสือเก่า
WI755 พ526น 2553 ฉ.4 
  Barcode: 17012
ห้องสมุดวิทยาเขตนครสวรรค์
►ส่วนจัดเก็บหนังสือเก่า นว.
บนชั้น
  ขอยืม
3. วิทยาศาสตร์การแพทย์ และสุขภาพ
วิทยาศาสตร์การแพทย์ และสุขภาพ
สถานะ=หนังสือเก่า
WI755 พ526น 2553 ฉ.5 
  Barcode: 17013
ห้องสมุดวิทยาเขตนครสวรรค์
►ส่วนจัดเก็บหนังสือเก่า นว.
บนชั้น
  ขอยืม

รายการใกล้เคียง
    ผู้แต่ง [พัฒน์พงศ์ นาวีเจริญ]

    หัวเรื่อง [นิ่ว]

BibComment


ยังไม่เคยถูกคอมเมนท์

คอมเมนท์ทรัพยากรรายการนี้
  คอมเมนท์: นิ่วในถุงน้ำดี ..


 Copyright 2026. Bcnsprnw @Library